000 02150nam a2200325Ia 4500
999 _c39431
_d39431
001 6022
003 GE_BSU
005 20200124171204.0
008 181216s2010||||ge |||||||||||||| ||geo||
010 _a9789941016417
040 _cGE_BSU
041 _ageo
080 _a616 - 071(075.8) ქ -15
100 _aქავთარაძე, გიორგი
_93347
245 _aდიაგნოსტიკური ძიება შინაგან სნეულებათა კლინიკაში :
_b სიმპტომიდან დიაგნოზამდე - სინდრომული ძიება, გამოკვლევის პროგრამები, შინაგანი სნეულებების პათოგნომური სიმპტოკომპლექსები /
_cგიორგი ქავთარაძე, თანაავტორთა ჯგუფი : მ. წვერავა, ზ. კირტავა, და სხვ.
264 _aთბილისი :
_bშპს ირგა ;
_c2010.
300 _a818 გვ. ;
_c26 სმ.
504 _aბიბლიოგრ.: გვ. 743-745.
653 _aშინაგანი დაავადებების დიაგნოსტიკა
653 _aშინაგანი სნეულებების პათოგნომური სიმპტოკომპლექსები
653 _aგამოკვლევის პროგრამები
653 _aმედიცინა
700 _aწვერავა, მ.
_eავტორი
_93348
700 _aბასიშვილი, ნათელა
_eავტორი
_93349
700 _aკირტავა, ზ. და სხვ.
_eავტორი
_93349
700 _a სიმონია, გაიანე
_eრედაქტორი
_96366
700 _aსულაქველიძე, მაია
_eრედაქტორი
_96367
700 _a ადამია, ელგუჯა
_eრედაქტორი
_96368
942 _cBK
_2udc